<?xml version="1.0" encoding="UTF-8"?><?xml-stylesheet type="text/xsl" href="static/style.xsl"?><OAI-PMH xmlns="http://www.openarchives.org/OAI/2.0/" xmlns:xsi="http://www.w3.org/2001/XMLSchema-instance" xsi:schemaLocation="http://www.openarchives.org/OAI/2.0/ http://www.openarchives.org/OAI/2.0/OAI-PMH.xsd"><responseDate>2026-06-02T05:18:12Z</responseDate><request verb="GetRecord" identifier="oai:riuma.uma.es:10630/6806" metadataPrefix="marc">https://riuma.uma.es/rest/oai/request</request><GetRecord><record><header><identifier>oai:riuma.uma.es:10630/6806</identifier><datestamp>2026-02-03T12:52:37Z</datestamp><setSpec>com_10630_5701</setSpec><setSpec>com_10630_3139</setSpec><setSpec>com_10630_10</setSpec><setSpec>col_10630_6674</setSpec></header><metadata><record xmlns="http://www.loc.gov/MARC21/slim" xmlns:dcterms="http://purl.org/dc/terms/" xmlns:doc="http://www.lyncode.com/xoai" xmlns:xsi="http://www.w3.org/2001/XMLSchema-instance" xsi:schemaLocation="http://www.loc.gov/MARC21/slim http://www.loc.gov/standards/marcxml/schema/MARC21slim.xsd">
   <leader>00925njm 22002777a 4500</leader>
   <datafield ind2=" " ind1=" " tag="042">
      <subfield code="a">dc</subfield>
   </datafield>
   <datafield ind2=" " ind1=" " tag="720">
      <subfield code="a">Ybáñez-Worboys, María del Pilar</subfield>
      <subfield code="e">author</subfield>
   </datafield>
   <datafield ind2=" " ind1=" " tag="260">
      <subfield code="c">2006</subfield>
   </datafield>
   <datafield ind2=" " ind1=" " tag="520">
      <subfield code="a">Uno de los graves problemas de la burocracia castellana a lo largo del Medievo y la&#xd;
Modernidad deriva directamente de la conculcación del principio de preeminencia del&#xd;
oficio respecto al titular, lacra que acabaría afectando a la totalidad de su funcionariado. La&#xd;
administración de justicia tampoco se vio libre de tan importante deficiencia, y dentro de ella&#xd;
la actividad procuradora resultaría una de las más perjudicadas. La gravedad de la situación se&#xd;
acentúa, pese a los continuos esfuerzos normativos, ante la elevada dependencia de la misma&#xd;
por parte de una población con elevados índices de analfabetismo y enfrentada a una compleja&#xd;
estructura judicial. Desde los primeros ordenamientos reguladores de la representación jurídica&#xd;
se advierte la preocupación por frenar y subsanar dicha realidad con la puntual determinación&#xd;
de los requisitos que debían acompañar al podatario.</subfield>
   </datafield>
   <datafield ind2=" " ind1=" " tag="520">
      <subfield code="a">One of the serious problems of the Castilian bureaucracy along the medieval and moder&#xd;
times directly derives from the breaking of the principle of preeminence of office respect to&#xd;
holder, damages that it would end up affecting the totality of the government employees. The&#xd;
justice administration didn’t see itself either free of so important deficiency, and the activity of&#xd;
the attorney would be one from the most harmed. The importance of the situation is accentuated,&#xd;
in spite of the continuous normative efforts, because of the high dependency on it for a part of&#xd;
the population with high levels of illiteracy and that has to face a complex judicial structure.&#xd;
From the first regulations of the legal representation the preoccupation is noticed to restrain and&#xd;
to correct this reality with the precise determination of the requirements that had to accompany&#xd;
the procurator.</subfield>
   </datafield>
   <datafield ind1="8" ind2=" " tag="024">
      <subfield code="a">YBÁÑEZ WORBOYS, PILAR "La idoneidad de la representación jurídica particular en la legislación castellana del Antiguo Régimen" Baetica 28 (2), 2006, p. 559-582</subfield>
   </datafield>
   <datafield ind1="8" ind2=" " tag="024">
      <subfield code="a">0212-5099</subfield>
   </datafield>
   <datafield ind1="8" ind2=" " tag="024">
      <subfield code="a">http://hdl.handle.net/10630/6806</subfield>
   </datafield>
   <datafield tag="653" ind2=" " ind1=" ">
      <subfield code="a">Administración de justicia</subfield>
   </datafield>
   <datafield tag="653" ind2=" " ind1=" ">
      <subfield code="a">Abogados</subfield>
   </datafield>
   <datafield ind2="0" ind1="0" tag="245">
      <subfield code="a">La idoneidad de la representación jurídica particular en la legislación castellana del Antiguo Régimen</subfield>
   </datafield>
</record>
</metadata></record></GetRecord></OAI-PMH>